| 000 | 00890nam a22002537a 4500 | ||
|---|---|---|---|
| 999 |
_c15042 _d15042 |
||
| 003 | MIRAKIL | ||
| 005 | 20221020134926.0 | ||
| 008 | 221020b tu ||||| |||| 00| 0 tur d | ||
| 020 | _a9786052365564 | ||
| 040 |
_aTR-AnCHP _btur _cTR-AnCHP |
||
| 041 | _atur | ||
| 082 |
_aCHP 923.2 Kılıçdaroğlu, K. _bÖ39a 2017 |
||
| 100 | _aÖğüt, Ensar | ||
| 245 |
_aAdalet adamı Kemal Kılıçdaroğlu/ _cEnsar Öğüt, Mesut Özcan |
||
| 260 |
_aİstanbul _bKalk kitabevi, _c2017 |
||
| 300 |
_a228 s.: _bfotğ. _c21 sm. |
||
| 500 | _akapakta: kureyşan ocağı Horasan'dan Anadolu'ya | ||
| 600 |
_aKılıçdaroğlu, Kemal _cCHP Genel Başkanı _xYaşamöyküsü |
||
| 600 |
_aKılıçdaroğlu, Kemal _cCHP Genel Başkanı _xSoykütüğü _xBelgeler |
||
| 650 |
_aKureşan Ocağı _xBelgeler _xTarih |
||
| 650 |
_aSiyaset ve yönetim _xTürkiye |
||
| 700 | _aÖzcan, Mesut | ||
| 942 |
_2lcc _cBKS |
||